Les chevaux dans les jeux videos. - Statistiques

Statistiques générales
  • Ce quiz a été pris 94 fois
  • Le résultat moyen est 6 sur 12
Statistiques - réponses
Par images Réponse % Correct
Minecraft
98%
Pokémon
94%
Zelda
88%
Skyrim
67%
Animal Crossing
65%
Red Dead Redemption 2
58%
World of Warcraft
44%
The Witcher 3
31%
Shadow of the Colossus
18%
Assassin's Creed 2
14%
Dark Souls
13%
Ghost of tsushima
10%
Aucun quiz correspondant
Distribution des résultats
% des personnes avec chaque résultat
Percentile par nombre de réponses
Votre historique - résultats
Vous n’avez pas pris ce quiz